000
00266nam a22001097a 4500
008
160426b xxu||||| |||| 00| 0 eng d
020
_a
0801640989
041
_a
eng
080
_a
618.2
245
_a
Patient teaching in nursing;
_c
Barbara klug redman;
942
_2
udc
_c
BK
999
_c
1603
_d
1603